[Event "Titled Tuesday intern op 16th Apr Late"]
[Site "Chess.com INT"]
[Date "2024.04.16"]
[Round "1"]
[White "Buchenau, Frank"]
[Black "Kovalev, Vladislav"]
[Result "0-1"]
[WhiteElo "2175"]
[BlackElo "2559"]
[PlyCount "52"]
[EventDate "2024.04.16"]
[EventType "swiss (blitz)"]
[EventRounds "11"]
[EventCountry "USA"]
[SourceTitle "CB17_2024"]
[SourceDate "2024.04.24"]
[SourceVersion "1"]
[SourceVersionDate "2024.04.24"]
[SourceQuality "1"]

1. e4 e5 2. Bc4 Nf6 3. d3 c6 4. Nf3 d5 5. Bb3 a5 6. a4 Bd6 7. Nc3 d4 8. Ne2 h6 9. 0-0 Na6 10. Nexd4 exd4 11. e5 0-0 12. exd6 Qxd6 13. Re1 Nc5 14. Bc4 Bg4 15. h3 Bh5 16. g4 Nxg4 17. hxg4 Bxg4 18. Kg2 Rae8 19. Bd2 Qf6 20. Bxa5 Rxe1 21. Bxe1 Re8 22. Bb4 Nd7 23. Bd6 Qxd6 24. Qd2 Bxf3+ 25. Kxf3 Ne5+ 26. Kg2 Qg6+ 0-1

[Event "Titled Tuesday intern op 16th Apr Late"]
[Site "Chess.com INT"]
[Date "2024.04.16"]
[Round "9"]
[White "Kovalev, Vladislav"]
[Black "Andreikin, Dmitry"]
[Result "0-1"]
[WhiteElo "2559"]
[BlackElo "2729"]
[PlyCount "120"]
[EventDate "2024.04.16"]
[EventType "swiss (blitz)"]
[EventRounds "11"]
[EventCountry "USA"]
[SourceTitle "CB17_2024"]
[SourceDate "2024.04.24"]
[SourceVersion "1"]
[SourceVersionDate "2024.04.24"]
[SourceQuality "1"]

1. e4 c5 2. Nf3 Nc6 3. Bb5 Nf6 4. Nc3 g6 5. 0-0 Bg7 6. e5 Ng4 7. Bxc6 dxc6 8. Re1 0-0 9. d3 Nh6 10. h3 Nf5 11. b3 Nd4 12. Bb2 b6 13. Ne4 Bf5 14. Ned2 Qd5 15. a4 Rad8 16. Kh2 Bh6 17. Ne4 Bf4+ 18. Ng3 Nxf3+ 19. Qxf3 Qxf3 20. gxf3 Be6 21. Kg2 Rd5 22. Re4 Bh6 23. Rae1 a5 24. Bc1 Bg7 25. f4 b5 26. Bd2 Rd7 27. Ra1 Bd5 28. axb5 cxb5 29. Rxa5 f5 30. exf6 exf6 31. f3 Bxe4 32. fxe4 c4 33. Rxb5 cxd3 34. c4 Ra8 35. Kf3 Ra2 36. Nf1 f5 37. e5 Bf8 38. c5 Rb2 39. b4 Rc7 40. Rb6 Be7 41. Ke3 Rxc5 42. Rb8+ Kf7 43. Kxd3 Rd5+ 44. Ke3 Bc5+ 45. Ke2 Bd4 46. Rb7+ Ke6 47. Kf3 Rb3+ 48. Ke2 Bc3 49. Bxc3 Rxc3 50. Rb6+ Ke7 51. Rb7+ Ke6 52. Rb6+ Kd7 53. Rb7+ Kc6 54. Rxh7 Rd4 55. Rg7 Rxf4 56. Rxg6+ Kb5 57. Rd6 Re4+ 58. Kd2 Rf3 59. Rd5+ Kc4 60. Rd8 Rxf1 0-1

[Event "Titled Tuesday intern op 16th Apr Early"]
[Site "Chess.com INT"]
[Date "2024.04.16"]
[Round "1"]
[White "Kovalev, Vladislav"]
[Black "Slovineanu, Viacheslav"]
[Result "1-0"]
[WhiteElo "2559"]
[BlackElo "2412"]
[PlyCount "85"]
[EventDate "2024.04.16"]
[EventType "swiss (blitz)"]
[EventRounds "11"]
[EventCountry "USA"]
[SourceTitle "CB17_2024"]
[SourceDate "2024.04.24"]
[SourceVersion "1"]
[SourceVersionDate "2024.04.24"]
[SourceQuality "1"]

1. e4 c6 2. Nf3 d5 3. d3 dxe4 4. dxe4 Qc7 5. Bc4 e5 6. 0-0 Nf6 7. Ng5 Bg4 8. Qd3 Bh5 9. Be3 h6 10. Nh3 Bg4 11. f4 Bxh3 12. gxh3 Nbd7 13. Nd2 Bc5 14. Bxc5 Nxc5 15. Qg3 0-0-0 16. fxe5 Rxd2 17. exf6 gxf6 18. Rxf6 Qxg3+ 19. hxg3 Nxe4 20. Rxf7 Nxg3 21. Re1 Rg8 22. Be6+ Kb8 23. Rxb7+ Kxb7 24. Bxg8 Rxc2 25. Re3 Nf5 26. Rb3+ Kc7 27. Bh7 Nd4 28. Bxc2 Nxc2 29. Kf2 Kd6 30. Rc3 Nd4 31. Ke3 c5 32. Ke4 Nc6 33. Rg3 c4 34. Rg6+ Kc5 35. Rxh6 Nb4 36. a3 Nd3 37. b3 Nf2+ 38. Ke3 cxb3 39. Kd2 b2 40. Kc2 Nd3 41. Rh8 a5 42. Rb8 a4 43. Kxd3 1-0

[Event "Titled Tuesday intern op 16th Apr Late"]
[Site "Chess.com INT"]
[Date "2024.04.16"]
[Round "3"]
[White "Maltsevskaya, Aleksandra"]
[Black "Kovalev, Vladislav"]
[Result "0-1"]
[WhiteElo "2393"]
[BlackElo "2559"]
[PlyCount "82"]
[EventDate "2024.04.16"]
[EventType "swiss (blitz)"]
[EventRounds "11"]
[EventCountry "USA"]
[SourceTitle "CB17_2024"]
[SourceDate "2024.04.24"]
[SourceVersion "1"]
[SourceVersionDate "2024.04.24"]
[SourceQuality "1"]

1. e4 e5 2. Nf3 Nc6 3. Bb5 a6 4. Ba4 Nf6 5. 0-0 Be7 6. Re1 b5 7. Bb3 d6 8. c3 0-0 9. h3 Be6 10. d4 Bxb3 11. Qxb3 Qd7 12. Bg5 h6 13. dxe5 hxg5 14. exf6 Bxf6 15. Nbd2 g4 16. hxg4 Qxg4 17. Nf1 Rae8 18. a4 Ne5 19. Qd1 Ng6 20. N1h2 Qh5 21. axb5 axb5 22. Nd4 Qc5 23. Ng4 Bg5 24. Nf3 Bd8 25. Qd4 Qh5 26. Ne3 Re6 27. Qd1 Rxe4 28. Nd4 Qc5 29. Qd3 Rfe8 30. Qxb5 Qxb5 31. Nxb5 Nf4 32. Red1 g6 33. Ra7 R4e7 34. g3 Nh3+ 35. Kg2 Nxf2 36. Kxf2 Rxe3 37. Nxc7 Re2+ 38. Kf3 R8e3+ 39. Kf4 Re4+ 40. Kf3 Bg5 41. Nd5 Re5 0-1

[Event "Titled Tuesday intern op 02nd Apr Early"]
[Site "Chess.com INT"]
[Date "2024.04.02"]
[Round "8"]
[White "Aliyev, Ravan"]
[Black "Kovalev, Vladislav"]
[Result "1-0"]
[WhiteElo "2352"]
[BlackElo "2559"]
[PlyCount "103"]
[EventDate "2024.04.02"]
[EventType "swiss (blitz)"]
[EventRounds "11"]
[EventCountry "USA"]
[SourceTitle "CB15_2024"]
[SourceDate "2024.04.10"]
[SourceVersion "1"]
[SourceVersionDate "2024.04.10"]
[SourceQuality "1"]

1. d4 Nf6 2. c4 e6 3. Nf3 b6 4. a3 Bb7 5. Nc3 d5 6. cxd5 exd5 7. Bg5 h6 8. Bxf6 Qxf6 9. g3 Be7 10. Bg2 0-0 11. 0-0 Nd7 12. Rc1 c6 13. e4 dxe4 14. Nxe4 Qg6 15. Re1 Rfe8 16. Qb3 Bf8 17. Nh4 Qe6 18. Qxe6 Rxe6 19. Bh3 Rxe4 20. Rxe4 Nf6 21. Ree1 Rd8 22. Bg2 Rxd4 23. Bxc6 Bxc6 24. Rxc6 Rd2 25. b4 Ra2 26. Rd1 Rxa3 27. Rd8 Nh7 28. Nf5 g6 29. Ne3 Kg7 30. Nd5 Rd3 31. Rd7 Ng5 32. Kg2 Ne6 33. Rxe6 Rxd5 34. Rxd5 fxe6 35. Rd7+ Kf6 36. b5 Bc5 37. Rxa7 g5 38. g4 Kg6 39. f3 h5 40. h3 h4 41. Kf1 Kf6 42. Ke2 Ke5 43. Rf7 Bd4 44. Kd3 Bc5 45. Ke2 Bd4 46. f4+ gxf4 47. Kf3 Kd5 48. g5 e5 49. g6 Ke6 50. Ke4 Bb2 51. Rf5 f3 52. Rxf3 1-0

[Event "Titled Tuesday intern op 02nd Apr Early"]
[Site "Chess.com INT"]
[Date "2024.04.02"]
[Round "1"]
[White "Kovalev, Vladislav"]
[Black "Ladan, Nicholas John"]
[Result "1-0"]
[WhiteElo "2559"]
[BlackElo "2178"]
[PlyCount "51"]
[EventDate "2024.04.02"]
[EventType "swiss (blitz)"]
[EventRounds "11"]
[EventCountry "USA"]
[SourceTitle "CB15_2024"]
[SourceDate "2024.04.10"]
[SourceVersion "1"]
[SourceVersionDate "2024.04.10"]
[SourceQuality "1"]

1. e4 e5 2. Nf3 Nc6 3. Bb5 a6 4. Ba4 Bc5 5. c3 Nge7 6. d4 Ba7 7. Nxe5 Nxe5 8. dxe5 Ng6 9. Qh5 Qe7 10. f4 0-0 11. g3 d6 12. Bb3 dxe5 13. f5 Nh8 14. Bg5 Qc5 15. Qe2 h6 16. h4 hxg5 17. hxg5 Qe3 18. g6 b5 19. Nd2 Bb7 20. Kf1 Qxe2+ 21. Kxe2 c5 22. Rxh8+ Kxh8 23. Bxf7 Rxf7 24. gxf7 g6 25. f6 Bxe4 26. Nxe4 1-0

[Event "Titled Tuesday intern op 02nd Apr Late"]
[Site "Chess.com INT"]
[Date "2024.04.02"]
[Round "6"]
[White "Kovalev, Vladislav"]
[Black "Zhizmer, Yuri"]
[Result "1-0"]
[WhiteElo "2559"]
[BlackElo "2289"]
[PlyCount "67"]
[EventDate "2024.04.02"]
[EventType "swiss (blitz)"]
[EventRounds "11"]
[EventCountry "USA"]
[SourceTitle "CB15_2024"]
[SourceDate "2024.04.10"]
[SourceVersion "1"]
[SourceVersionDate "2024.04.10"]
[SourceQuality "1"]

1. e4 c6 2. Nf3 d5 3. d3 Nf6 4. e5 Ng8 5. h3 h6 6. d4 e6 7. Bd3 c5 8. c3 Nc6 9. 0-0 Bd7 10. dxc5 Bxc5 11. b4 Bb6 12. a4 a5 13. b5 Nb8 14. Ba3 Ne7 15. c4 dxc4 16. Be4 Bc8 17. Nbd2 0-0 18. Nxc4 Nd5 19. Bxf8 Kxf8 20. Nxb6 Qxb6 21. Rc1 Nd7 22. Bxd5 exd5 23. Qxd5 Qe6 24. Qd4 b6 25. Rfd1 Nc5 26. Qd8+ Qe8 27. Qxb6 Nxa4 28. Qd6+ Kg8 29. Qc6 Be6 30. Nd4 Qxc6 31. bxc6 Nb2 32. Nxe6 Nxd1 33. Rxd1 fxe6 34. c7 1-0

[Event "Senta Fantastico op 02"]
[Site "Senta"]
[Date "2024.02.25"]
[Round "6"]
[White "Kovalev, Vladislav"]
[Black "Omorjan, Dejan"]
[Result "1-0"]
[WhiteElo "2579"]
[BlackElo "2341"]
[PlyCount "147"]
[EventDate "2024.02.22"]
[EventType "swiss"]
[EventRounds "9"]
[EventCountry "SRB"]
[SourceTitle "CB10_2024"]
[SourceDate "2024.03.06"]
[SourceVersion "1"]
[SourceVersionDate "2024.03.06"]
[SourceQuality "1"]

1. e4 c5 2. Nf3 d6 3. d4 cxd4 4. Nxd4 Nf6 5. f3 e5 6. Nb3 d5 7. Bg5 Be6 8. Bxf6 gxf6 9. exd5 Qxd5 10. Qxd5 Bxd5 11. Nc3 Bc6 12. 0-0-0 Nd7 13. Na5 Bb4 14. Nxc6 Bxc3 15. Nxa7 Rxa7 16. Bb5 Bd4 17. c3 Ra5 18. Bxd7+ Kxd7 19. cxd4 Rxa2 20. dxe5+ Ke6 21. exf6 Ra1+ 22. Kc2 Rc8+ 23. Kb3 Ra6 24. Rhe1+ Kxf6 25. Re2 Rb6+ 26. Ka2 Rc4 27. Kb1 Rh4 28. g3 Rhb4 29. Rd3 Kg6 30. Red2 f6 31. Rd4 Rb3 32. Rg4+ Kf7 33. Rf4 h5 34. g4 R6b5 35. Ka2 Re3 36. h4 Ke7 37. Rg2 Ra5+ 38. Kb1 Re1+ 39. Kc2 Rc5+ 40. Kb3 Rb5+ 41. Kc4 Ree5 42. b4 Rbd5 43. Rd4 b5+ 44. Kd3 hxg4 45. fxg4 f5 46. gxf5 Rxf5 47. Rg7+ Kf6 48. Rh7 Kg6 49. Rxd5 Rxd5+ 50. Ke4 Rd1 51. Rb7 Rh1 52. Rxb5 Rxh4+ 53. Kd5 Kf7 54. Kc6 Ke6 55. Rb8 Rc4+ 56. Kb5 Rd4 57. Rc8 Kd7 58. Rc1 Rh4 59. Ka5 Rh6 60. b5 Rh8 61. Ka6 Rh2 62. b6 Ra2+ 63. Kb7 Ra3 64. Rd1+ Ke7 65. Kc7 Rc3+ 66. Kb8 Rb3 67. b7 Ra3 68. Rd4 Ra1 69. Kc7 Rc1+ 70. Kb6 Rb1+ 71. Kc6 Ke6 72. Re4+ Kf6 73. Rc4 Ke7 74. Kc7 1-0

[Event "Chessable Play In Match D3"]
[Site "Chess.com INT"]
[Date "2024.02.01"]
[Round "1.4"]
[White "Kovalev, Vladislav"]
[Black "Fressinet, Laurent"]
[Result "1/2-1/2"]
[WhiteElo "2579"]
[BlackElo "2637"]
[PlyCount "80"]
[EventDate "2024.02.01"]
[EventType "k.o. (rapid)"]
[EventRounds "1"]
[EventCountry "USA"]
[SourceTitle "CB06_2024"]
[SourceDate "2024.02.07"]
[SourceVersion "1"]
[SourceVersionDate "2024.02.07"]
[SourceQuality "1"]

1. e4 e5 2. Nf3 Nc6 3. Bb5 a6 4. Ba4 Nf6 5. 0-0 Be7 6. d3 b5 7. Bb3 0-0 8. Nc3 d6 9. a3 Na5 10. Ba2 Be6 11. Bg5 c5 12. b4 Nc6 13. Nd5 Bxd5 14. exd5 Nd4 15. bxc5 Nxf3+ 16. Qxf3 dxc5 17. Rfe1 Bd6 18. c4 h6 19. Bh4 Re8 20. Bb3 g5 21. Bg3 Kg7 22. a4 Qd7 23. h3 b4 24. a5 Re7 25. Ba4 Qc7 26. Bc6 Rb8 27. h4 g4 28. Qd1 b3 29. Re3 b2 30. Rb1 Qxa5 31. Re2 Qc3 32. Rc2 Qd4 33. Re2 Bc7 34. Qd2 e4 35. Bxc7 Rxc7 36. Rxb2 Rxb2 37. Qxb2 Qxb2 38. Rxb2 exd3 39. Rd2 Ne4 40. Rxd3 Nd6 1/2-1/2

[Event "Chessable Masters Play In"]
[Site "Chess.com INT"]
[Date "2024.01.31"]
[Round "4"]
[White "Fier, Alexandr"]
[Black "Kovalev, Vladislav"]
[Result "0-1"]
[WhiteElo "2549"]
[BlackElo "2579"]
[PlyCount "92"]
[EventDate "2024.01.31"]
[EventType "swiss (rapid)"]
[EventRounds "9"]
[EventCountry "USA"]
[SourceTitle "CB06_2024"]
[SourceDate "2024.02.07"]
[SourceVersion "1"]
[SourceVersionDate "2024.02.07"]
[SourceQuality "1"]

1. e4 e5 2. Nf3 Nc6 3. Bc4 Nf6 4. d3 Bc5 5. c3 a6 6. 0-0 d6 7. a4 h6 8. Nbd2 Ba7 9. Re1 0-0 10. h3 Ne7 11. Nf1 Ng6 12. Ng3 Be6 13. Bxe6 fxe6 14. Be3 Bxe3 15. Rxe3 Nd7 16. b4 Qe7 17. Qb3 Rf7 18. Ra2 Raf8 19. d4 Kh8 20. b5 a5 21. Rd2 Nf4 22. Qd1 Qf6 23. Nh2 Qg6 24. Nf3 Nb6 25. dxe5 Nc4 26. exd6 Nxe3 27. fxe3 Qxg3 28. exf4 cxd6 29. Rf2 Qxf4 30. Qd4 Qg3 31. Kh1 e5 32. Qe3 Rf4 33. Rf1 Qg6 34. Re1 Qe6 35. Kh2 Qa2 36. Re2 Qxa4 37. Qd3 Qa3 38. Qd5 R8f7 39. Nh4 Rf1 40. Nf5 Qc1 41. Rd2 R7xf5 42. exf5 Qe1 43. g4 e4 44. Qd4 Rh1+ 45. Kg2 Qf1+ 46. Kg3 Rxh3# 0-1

[Event "Chessable Masters Play In"]
[Site "Chess.com INT"]
[Date "2024.01.31"]
[Round "6"]
[White "Shimanov, Aleksandr"]
[Black "Kovalev, Vladislav"]
[Result "1-0"]
[WhiteElo "2578"]
[BlackElo "2579"]
[PlyCount "81"]
[EventDate "2024.01.31"]
[EventType "swiss (rapid)"]
[EventRounds "9"]
[EventCountry "USA"]
[SourceTitle "CB06_2024"]
[SourceDate "2024.02.07"]
[SourceVersion "1"]
[SourceVersionDate "2024.02.07"]
[SourceQuality "1"]

1. d4 Nf6 2. Bg5 d5 3. Nd2 c5 4. dxc5 Nc6 5. a3 a5 6. e4 e6 7. Ngf3 Bxc5 8. Bd3 h6 9. Bh4 Be7 10. Qe2 0-0 11. 0-0 e5 12. Bxf6 Bxf6 13. exd5 Qxd5 14. Ne4 Bg4 15. Nxf6+ gxf6 16. Qe3 Bxf3 17. gxf3 Nd4 18. Be4 Qe6 19. Qxh6 f5 20. Qg5+ Qg6 21. Qxg6+ fxg6 22. Bd5+ Kg7 23. Rae1 Nxc2 24. Rxe5 Rae8 25. f4 b5 26. Rc1 Nd4 27. Rc7+ Kh6 28. Kg2 b4 29. a4 Rxe5 30. fxe5 f4 31. e6 Re8 32. Rc4 f3+ 33. Kg3 Nf5+ 34. Kf4 Ng7 35. Ke5 Kg5 36. h4+ Kh5 37. Bxf3+ Kh6 38. Bg4 Rf8 39. f4 Rd8 40. e7 Re8 41. Kf6 1-0

[Event "Titled Tuesday intern op 23rd Jan Late"]
[Site "Chess.com INT"]
[Date "2024.01.23"]
[Round "7"]
[White "Kovalev, Vladislav"]
[Black "Kleiman, Jake"]
[Result "1-0"]
[WhiteElo "2579"]
[BlackElo "2399"]
[PlyCount "101"]
[EventDate "2024.01.23"]
[EventType "swiss (blitz)"]
[EventRounds "11"]
[EventCountry "USA"]
[SourceTitle "CB05_2024"]
[SourceDate "2024.01.31"]
[SourceVersion "1"]
[SourceVersionDate "2024.01.31"]
[SourceQuality "1"]

1. e4 e5 2. Nf3 Nc6 3. Bb5 a6 4. Ba4 Nf6 5. 0-0 b5 6. Bb3 Bc5 7. a4 Rb8 8. c3 d6 9. d4 Bb6 10. a5 Ba7 11. h3 0-0 12. Be3 Ra8 13. Re1 h6 14. Nbd2 Re8 15. Qc2 Bb7 16. Ba2 Qd7 17. dxe5 Bxe3 18. exf6 Bxd2 19. Qxd2 Ne5 20. Nd4 d5 21. fxg7 Kh7 22. Nf5 Re6 23. f4 Nc4 24. Bxc4 bxc4 25. Rad1 Rae8 26. e5 Rg6 27. Nh4 Rxg7 28. Qf2 Qd8 29. Kh2 c6 30. Nf5 Rg6 31. Nd6 Re7 32. f5 Rg5 33. f6 Rd7 34. h4 Rg6 35. Nxb7 Rxb7 36. Qf5 h5 37. Qxh5+ Rh6 38. Qf5+ Kh8 39. Rd4 Qg8 40. Rg4 Qf8 41. Re3 Rxb2 42. Reg3 Rb8 43. Qg5 Rc8 44. h5 Re8 45. Kg1 Rb8 46. Qf4 Rb1+ 47. Kf2 Rb2+ 48. Kf3 Rc2 49. Rg8+ Kh7 50. R3g7+ Qxg7 51. Rxg7+ 1-0

[Event "Titled Tuesday intern op 23rd Jan Late"]
[Site "Chess.com INT"]
[Date "2024.01.23"]
[Round "5"]
[White "Kovalev, Vladislav"]
[Black "Miton, Kamil"]
[Result "0-1"]
[WhiteElo "2579"]
[BlackElo "2568"]
[PlyCount "92"]
[EventDate "2024.01.23"]
[EventType "swiss (blitz)"]
[EventRounds "11"]
[EventCountry "USA"]
[SourceTitle "CB05_2024"]
[SourceDate "2024.01.31"]
[SourceVersion "1"]
[SourceVersionDate "2024.01.31"]
[SourceQuality "1"]

1. e4 d5 2. exd5 Qxd5 3. Nc3 Qd8 4. d4 Nf6 5. Nf3 g6 6. h3 Bg7 7. Bc4 0-0 8. 0-0 a6 9. a4 Nc6 10. Re1 e6 11. Bf4 Ne7 12. Qd2 b6 13. Rad1 Bb7 14. Ne5 Nf5 15. Nxf7 Rxf7 16. Bxe6 Nd5 17. Ne4 Nxf4 18. Qxf4 Bd5 19. Bxf7+ Bxf7 20. c3 h6 21. d5 Qd7 22. d6 cxd6 23. Nxd6 Qc7 24. Qf3 Rf8 25. Nxf5 gxf5 26. Rd2 Bb3 27. Qd3 Qc6 28. Qxa6 Bxa4 29. Qd3 Bb3 30. Qd6 Qxd6 31. Rxd6 b5 32. Rd7 Bc4 33. Red1 Re8 34. Rd8 Kf7 35. R1d7+ Re7 36. Rxe7+ Kxe7 37. Rb8 Be5 38. Rb6 h5 39. Rh6 Be2 40. f3 Bf4 41. Rxh5 Be3+ 42. Kh2 f4 43. h4 Kf6 44. b4 Bd2 45. Rc5 Bc4 46. Kh3 Bxc3 0-1

[Event "Titled Tuesday intern op 16th Jan Late"]
[Site "Chess.com INT"]
[Date "2024.01.16"]
[Round "6"]
[White "Kovalev, Vladislav"]
[Black "Paravyan, David"]
[Result "0-1"]
[WhiteElo "2579"]
[BlackElo "2612"]
[PlyCount "98"]
[EventDate "2024.01.16"]
[EventType "swiss (blitz)"]
[EventRounds "11"]
[EventCountry "USA"]
[SourceTitle "CB04_2024"]
[SourceDate "2023.10.16"]
[SourceVersion "1"]
[SourceVersionDate "2023.10.16"]
[SourceQuality "1"]

1. e4 e5 2. Nf3 Nf6 3. Nxe5 d6 4. Nf3 Nxe4 5. d4 d5 6. Bd3 Bd6 7. 0-0 0-0 8. Nbd2 Bf5 9. Re1 Re8 10. Nf1 c6 11. Ng3 Bg6 12. Ne5 Bxe5 13. dxe5 Nd7 14. Nxe4 dxe4 15. Bxe4 Nxe5 16. Bf4 Qf6 17. Bxe5 Rxe5 18. Bxg6 hxg6 19. c3 Rae8 20. Qd2 g5 21. h3 Qf4 22. Rxe5 Qxe5 23. Rd1 g6 24. Qd7 Re7 25. Qd8+ Kg7 26. Qd4 Qxd4 27. Rxd4 Re1+ 28. Kh2 Re2 29. Rb4 b5 30. Kg3 a5 31. Rb3 a4 32. Rb4 a3 33. bxa3 Rxa2 34. Rb3 Kf6 35. c4 bxc4 36. Rc3 Ke5 37. Rxc4 Rxa3+ 38. Kg4 Kd5 39. Rc2 f6 40. g3 Ra4+ 41. f4 gxf4 42. gxf4 g5 43. Rf2 Rxf4+ 44. Rxf4 gxf4 45. Kxf4 Ke6 46. h4 Kf7 47. h5 Kg7 48. Kf5 c5 49. Ke4 Kh6 0-1

[Event "Titled Tuesday intern op 09th Jan Early"]
[Site "Chess.com INT"]
[Date "2024.01.09"]
[Round "3"]
[White "Kovalev, Vladislav"]
[Black "Baziuk, Vladyslav"]
[Result "1/2-1/2"]
[WhiteElo "2579"]
[BlackElo "2211"]
[PlyCount "76"]
[EventDate "2024.01.09"]
[EventType "swiss (blitz)"]
[EventRounds "11"]
[EventCountry "USA"]
[SourceTitle "CB03_2024"]
[SourceDate "2024.01.17"]
[SourceVersion "1"]
[SourceVersionDate "2024.01.17"]
[SourceQuality "1"]

1. e4 c6 2. Nf3 d5 3. d3 Qc7 4. Nc3 e6 5. g3 Nf6 6. Bg2 Nbd7 7. 0-0 Bd6 8. Qe2 0-0 9. Re1 e5 10. exd5 Nxd5 11. Ng5 h6 12. Nge4 Nxc3 13. bxc3 Be7 14. Rb1 Re8 15. c4 Nc5 16. Nxc5 Bxc5 17. Bb2 f6 18. d4 Bb4 19. Red1 Bf5 20. dxe5 fxe5 21. c5 Qa5 22. Be4 Bxe4 23. Qxe4 Qxc5 24. Rd7 Rf8 25. Bxe5 Qxf2+ 26. Kh1 Rf7 27. Rxf7 Qxf7 28. Qxb4 Qd5+ 29. Kg1 Qxe5 30. Qc4+ Qd5 31. Qxd5+ cxd5 32. Rxb7 Rc8 33. Rxa7 Rxc2 34. a4 d4 35. a5 Ra2 36. a6 Kh7 37. Rd7 Rxa6 38. Rxd4 Rf6 1/2-1/2